| 000 | 00366nam a2200133Ia 4500 | ||
|---|---|---|---|
| 008 | 230411s9999 xx 000 0 und d | ||
| 041 | _aeng | ||
| 082 | _aOG/610.73678/JAC/B07279 | ||
| 100 | _aJacob Annamma | ||
| 245 | _aManual of Midwifery and Gynaecological Nursing | ||
| 260 |
_bJaypee Brothers _aNew Delhi _c2012 |
||
| 300 | _a539p | ||
| 999 |
_c157420 _d157420 |
||